Cesta šamana. Kniha 6., Šamanova pomsta /
Kniha přináší nejen pokračování příběhu šamana Mahana, ale i bonusovou povídku Hodina bolesti, která vrhá trochu jiné světlo na závěr Karmadontovy šachovnice.
Uloženo v:
| Série: | Cesta šamana,
část 6 |
|---|---|
| Hlavní autor: | |
| Další autoři: | |
| Médium: | E-kniha |
| Jazyk: | Czech |
| Vydáno: |
Ostrava :
Fantom Print,
2019
|
| Vydání: | 1. vydání |
| Témata: | |
| Příbuzné jednotky: | Název anglického překladu::
Shaman's revenge Z cyklu:: Cesta šamana |
| Tagy: |
Žádné tagy |
| LEADER | 02738nam a2200493 i 4500 | ||
|---|---|---|---|
| 001 | 311057 | ||
| 003 | CZ PrSKC | ||
| 005 | 20260601215658.0 | ||
| 007 | ta | ||
| 008 | 190626s2019 xr g 000 f cze | ||
| 015 | |a cnb003113020 | ||
| 020 | |a 9788075940322 |q (brožováno) | ||
| 035 | |a (OCoLC)1111951174 | ||
| 040 | |a ABG001 |b cze |d ABA001 |e rda | ||
| 041 | 1 | |a cze |k eng |h rus | |
| 072 | 7 | |a 821.161.1 |x Ruská literatura, rusky psaná |2 Konspekt | |
| 080 | |a 821.161.1-31 |2 MRF | ||
| 080 | |a (0:82-312.9) |2 MRF | ||
| 100 | 1 | |a Machanenko, Vasilij Michajlovič, |d 1981- |7 xx0216035 |4 aut | |
| 240 | 1 | 0 | |a Vse tol‘ko načinajetsja. |l Česky |
| 245 | 1 | 0 | |a Cesta šamana. |n Kniha 6., |p Šamanova pomsta / |c V. Mahaněnko ; překlad Martin Kapalka |
| 246 | 3 | 0 | |a Šamanova pomsta |
| 250 | |a 1. vydání | ||
| 264 | 1 | |a Ostrava : |b Fantom Print, |c 2019 | |
| 300 | |a 350 stran ; |c 21 cm | ||
| 336 | |a text |b txt |2 rdacontent | ||
| 337 | |a bez média |b n |2 rdamedia | ||
| 338 | |a svazek |b nc |2 rdacarrier | ||
| 500 | |a Přeloženo z anglické verze ruského originálu? | ||
| 505 | 2 | 0 | |t Hodina bolesti |
| 520 | 2 | |a Kniha přináší nejen pokračování příběhu šamana Mahana, ale i bonusovou povídku Hodina bolesti, která vrhá trochu jiné světlo na závěr Karmadontovy šachovnice. |b Barliona. Virtuální svět narvaný k prasknutí monstry, bitvami a samozřejmě hráči. Daniel Mahan, legendární šaman barlionského herního světa, si odsloužil ve virtuální realitě svůj trest. Jedenáct měsíců naplněných dobrodružstvím a bitvami je výhodným řešením v porovnání s původními osmi lety v dole. Přesto Barliona odmítá šamana nechat tak jednoduše zmizet a stírá rozdíly mezi jeho dvěma realitami. Ukazuje se, že odejít z kapsle není tak jednoduché, jak by se mohlo na první pohled zdát. Cesta prostě musí být dokončena... Nakladatelská anotace. | |
| 655 | 7 | |a ruské romány |7 fd133320 |2 czenas | |
| 655 | 7 | |a fantasy romány |7 fd184199 |2 czenas | |
| 655 | 9 | |a Russian fiction |2 eczenas | |
| 655 | 9 | |a fantasy novels |2 eczenas | |
| 700 | 1 | |a Kapalka, Martin, |d 1988- |7 kv2017964132 |4 trl | |
| 765 | 1 | |t Put‘ šamana - Vse tol‘ko načinajetsja | |
| 765 | 0 | 8 | |i Název anglického překladu: |t Shaman's revenge |
| 787 | 0 | 8 | |i Z cyklu: |t Cesta šamana |g 6 |
| 900 | |a ABA001 |b 21 | ||
| 044 | |a xr | ||
| 910 | |a RBIT002 | ||
| 998 | |d 185346 |a https://core.palmknihy.cz/api/books/185346/cover?psq9a1 |b https://core.palmknihy.cz/api/books/185346/cover/400?psq9a1 |c https://core.palmknihy.cz/api/books/185346/cover/50?psq9a1 |e 2026-09-10 |g 352 |i 9788075940322 |j https://core.palmknihy.cz/api/books/185346/preview.epub |l |q 49 |r 1 |s https://www.palmknihy.cz/kniha/185346 |t ebook |y 2019 |z 0 |v Cesta šamana |w 6 | ||
| 999 | |d 311055 | ||